Money Has No Value (Record no. 42831)
[ view plain ]
| 000 -LEADER | |
|---|---|
| fixed length control field | 00295nam a2200121Ia 4500 |
| 008 - FIXED-LENGTH DATA ELEMENTS--GENERAL INFORMATION | |
| fixed length control field | 241028s9999 xx 000 0 und d |
| 041 ## - LANGUAGE CODE | |
| Language code of text/sound track or separate title | eng |
| 082 ## - DEWEY DECIMAL CLASSIFICATION NUMBER | |
| Classification number | 737 CHA |
| 100 ## - MAIN ENTRY--PERSONAL NAME | |
| Personal name | Chambers, Samuel A. |
| 245 ## - TITLE STATEMENT | |
| Title | Money Has No Value |
| 260 ## - PUBLICATION, DISTRIBUTION, ETC. | |
| Name of publisher, distributor, etc. | De Gruyter |
| Place of publication, distribution, etc. | Boston |
| Date of publication, distribution, etc. | 2023 |
| 300 ## - PHYSICAL DESCRIPTION | |
| Extent | 211;. P. 22 cm |
| Withdrawn status | Lost status | Damaged status | Not for loan | Home library | Current library | Shelving location | Date acquired | Cost, normal purchase price | Total Checkouts | Full call number | Barcode | Date due | Date last seen | Date last checked out | Cost, replacement price | Price effective from | Koha item type |
|---|---|---|---|---|---|---|---|---|---|---|---|---|---|---|---|---|---|
| IMTN | IMTN | Rack 38-A | 07/03/2024 | 2839.26 | 1 | 737 CHA | 33260 | 01/18/2026 | 01/08/2026 | 01/08/2026 | 29.95 | 10/28/2024 | Books |